Indikátory sociálního podniku
Schopnosť sociálnej ekonomiky a jej subjektov - sociálnych podnikov - inovatívnym spôsobom reagovať na sociálne potreby. Sociálne podniky a ich ekonomický význam.
Gespeichert in:
| 1. Verfasser: | |
|---|---|
| Format: | Buchkapitel |
| Sprache: | Tschechisch |
| Schlagworte: | |
| Tags: |
Keine Tags, Fügen Sie das erste Tag hinzu!
|
MARC
| LEADER | 00000naa a2200000 4500 | ||
|---|---|---|---|
| 001 | 0172175 | ||
| 005 | 20221020082622.8 | ||
| 041 | 0 | |a cze | |
| 044 | |a CZ | ||
| 245 | 1 | 0 | |a Indikátory sociálního podniku |c Marie Dohnalová |
| 520 | |a Schopnosť sociálnej ekonomiky a jej subjektov - sociálnych podnikov - inovatívnym spôsobom reagovať na sociálne potreby. Sociálne podniky a ich ekonomický význam. | ||
| 610 | 2 | 0 | |a politika sociálna |
| 610 | 2 | 0 | |a politika zamestnanosti |
| 610 | 2 | 0 | |a podnik sociálny |
| 610 | 2 | 0 | |a podnikanie sociálne |
| 610 | 2 | 0 | |a ekonomika sociálna |
| 610 | 2 | 0 | |a potreby sociálne |
| 100 | 1 | |a Dohnalová, Marie | |